| 000 | 00955nam a22003737a 4500 | ||
|---|---|---|---|
| 005 | 20251128090459.0 | ||
| 008 | 150303b2012 xxu||||| |||| 00| 0 ES d | ||
| 020 | _a9780813808680 | ||
| 041 | _aESP | ||
| 082 | _a617.643 S788f | ||
| 100 | _aStaley, Robert N | ||
| 100 | _aReske, Neil T | ||
| 245 | _aFundamentos en ortodoncia: diagnóstico y tratamiento | ||
| 260 | _aVenezuela | ||
| 260 | _bAmolca | ||
| 260 | _c2012 | ||
| 300 | _a337 páginas | ||
| 300 | _bIlustraciones a color | ||
| 490 | _aMecánica Dental | ||
| 650 | _aORTODONCIA | ||
| 650 | _aMALUCLUSIÓN | ||
| 650 | _aIMPRESIONES DENTALES | ||
| 650 | _aIMPRESIONES MANDIBULARES | ||
| 650 | _aMORDIDA | ||
| 650 | _aMOLARES | ||
| 650 | _aARCOS LINGUALES Y PALATINOS | ||
| 650 | _aAPARATOLOGÍA | ||
| 650 | _aRETENEDORES | ||
| 650 | _aALAMBRES | ||
| 650 | _aGANCHOS | ||
| 650 | _aAPARATOS DE RETENCIÓN | ||
| 650 | _aEVALUACIÓN ORTODONCIA | ||
| 942 |
_cBK _2ddc |
||
| 999 |
_c3554 _d3554 |
||